000 00480nam a22001457a 4500
999 _c60726
_d60726
005 20231016102452.0
008 231016s1978 ru ||||| |||| 00| 0 rus d
080 _a902(082) K-48
100 _aКлейн Л.С.
_920080
245 _aАрхеологические источники :
_bУчебное пособие /
_cЛ.С. Клейн.
264 _aЛенинград,
_c1978.
300 _a120 стр.;
_b26 cm.
653 _aარქეოლოგია
942 _2udc
_cBK